00750 2200301 4500001002100000005001500021035002000036007000300056040001700059100001400076245004600090250001000136300003300146504002500179020002200204041000800226082001000234084002200244090001600266264004000282336001500322337001300337338001500350650001700365850001000382990002800392990002800420INLIS00000000001374420251211090048 a0010-1225000190ta aSBPUPADbind aErnawati: aAneka Kreasi Dari Botol Bekas /cErnawati aCet.2 a53 hlm :billus. ;c14x21 cm aBibliografi : hlm 53 a978-602-53976-3-9 bind a745.5 2[23]a745.5 ERN a a745.5 ERN a aKarangmojo :bPustaka Cerdas,c2023 2rdacontent 2rdamedia 2rdacarrier aketerampilan aPUPAD a39.824/APBN-PUSNAS/H/25 a39.825/APBN-PUSNAS/H/25